ბათუმის შოთა რუსთაველის სახელმწიფო უნივერსიტეტის ბიბლიოთეკა

კითხვის ეფექტური მეთოდები:[3.ნაწ.] (ბიბ.ჩანაწერი № 43988)

000 -LEADER
fixed length control field 01135nam a2200241Ia 4500
001 - CONTROL NUMBER
control field 10738
003 - CONTROL NUMBER IDENTIFIER
control field GE_BSU
008 - FIXED-LENGTH DATA ELEMENTS--GENERAL INFORMATION
fixed length control field 181216s||||||||xx |||||||||||||| ||und||
020 ## - INTERNATIONAL STANDARD BOOK NUMBER
International Standard Book Number 9789941064081
040 ## - CATALOGING SOURCE
Transcribing agency GE_BSU
080 ## - UNIVERSAL DECIMAL CLASSIFICATION NUMBER
Universal Decimal Classification number 028.1
245 ## - TITLE STATEMENT
Title კითხვის ეფექტური მეთოდები:[3.ნაწ.]
245 ## - TITLE STATEMENT
Statement of responsibility, etc. გამოცემაზე მუშაობდნენ:ნათია ნაცვლიშვილი,ზაქარია ქიტიაშვილი;დიზ:ბესიკ დანელია.
260 ## - PUBLICATION, DISTRIBUTION, ETC.
Place of publication, distribution, etc. თბილისი.
260 ## - PUBLICATION, DISTRIBUTION, ETC.
Name of publisher, distributor, etc. მასწავლებელთა პროფესიული განვითარების ეროვნული ცენტრი
260 ## - PUBLICATION, DISTRIBUTION, ETC.
Date of publication, distribution, etc. 2013.
300 ## - PHYSICAL DESCRIPTION
Extent 187გვ;+4CD;23სმ.
520 ## - SUMMARY, ETC.
Summary, etc. შემოსულია ტემპუსის პროექტით.
653 ## - INDEX TERM--UNCONTROLLED
Uncontrolled term კითხვის ეფექტური მეთოდები:[3.ნაწ.]
653 ## - INDEX TERM--UNCONTROLLED
Uncontrolled term ტემპუსის პროექტით
942 ## - ADDED ENTRY ELEMENTS (KOHA)
Koha item type წიგნი
ეგზემპლარები
Withdrawn status Lost status Damaged status Not for loan Date acquired Barcode Date last seen Price effective from Koha item type
        2018-12-17 35152 2018-12-17 2018-12-17 წიგნი
        2018-12-17 35153 2018-12-17 2018-12-17 წიგნი